| 000 | 00849nam a2200241Ia 4500 | ||
|---|---|---|---|
| 003 | OSt | ||
| 005 | 20221005104124.0 | ||
| 006 | a|||||r|||| 00| 0 | ||
| 007 | ta | ||
| 008 | 221004b |||||||| |||| 00| 0 hin d | ||
| 024 | _a30363 | ||
| 037 | _cTextual | ||
| 040 |
_aCRL _cCRL _bhin |
||
| 041 |
_2hin _ahin |
||
| 082 | _aV2'C76, 152L7 | ||
| 100 | _aथापर, रोमिला | ||
| 245 | 0 | _aअशोक तथा मौर्य साम्राज्य का पतन | |
| 246 | _aAshok tathā maurya sāmrājya kā patana | ||
| 260 |
_aदिल्ली _bदि मैकमिलन कंपनी ऑफ इंडिया लिमिटेड भारत _c1977 |
||
| 300 |
_a323पृ. _ccm. |
||
| 942 |
_hV2'C76, 152L7 _cTEXL _2cc |
||
| 999 |
_c1011771 _d1011771 |
||